What language did they speak? #2 - Statistics

General Stats
  • This quiz has been taken 258 times
  • The average score is 10 of 15
Answer Stats
Person Language % Correct
Albert Einstein German
98%
Queen Elizabeth II English
96%
Kim Jong Un Korean
96%
Simón Bolívar Spanish
95%
Pelé Portuguese
92%
Jackie Chan Cantonese
83%
William the Conqueror French
83%
Nikola Tesla Serbo-Croatian
82%
Cleopatra Koine Greek
77%
Napoleon Bonaparte Corsican
75%
Mother Teresa Albanian
72%
Narendra Modi Gujarati
56%
Mao Zedong Old Xiang
18%
Tecumseh Algonquian
10%
Idi Amin Kakwa
6%
No matching quizzes found
Score Distribution
Percent of People with Each Score
Percentile by Number Answered
Your Score History
You have not taken this quiz